Score 0/27 Timer 03:00
0 Plays Today
Hint 4-Letter Word % Correct
♫ Upside ____♫ DOWN ♫
98.6%
Oak or elm, e.g.TREE
97.2%
ViewedSEEN
96.4%
First lightDAWN
96.3%
AdolescentTEEN
96.3%
♫ My country 'tis of ___♫ THEE ♫
95.8%
StitchedSEWN
95.8%
ExamTEST
95.6%
'Stranger ____ Fiction'THAN
95.3%
Planted seedsSOWN
94.9%
Not overweightTHIN
94.9%
'___ we forget'LEST
94.9%
This 'n ___THAT
94.8%
Not nowTHEN
94.8%
Hint 4-Letter Word % Correct
Not as muchLESS
94.5%
Front of lower legSHIN
93.1%
ClutterMESS
92.5%
NippleTEAT
92.2%
Repair socksDARN
91.8%
♫ Not a hit ♫♫ MISS ♫
89.1%
Three, in ToledoTRES
88.5%
Gifts for DadTIES
85%
♫ Refuse to acknowledge ♫♫ SHUN ♫
84%
Singer's propsMICS
82.5%
Facial movementsTICS
81.9%
♫ Light afire ♫♫ BURN ♫
61.7%
Yosemite Sam's swear wordDURN
60.5%

Today's Daily Dose

You're not logged in!

Compare scores with friends on all Sporcle quizzes.
OR
Log In

Sporcle TV

Today on Sporcle TV


Watch our educational content, quiz creation guides, and fun videos on Sporcle TV.

Show Comments

Extras

Top Quizzes Today


Score Distribution

Paid Content

Your Account Isn't Verified!

In order to create a playlist on Sporcle, you need to verify the email address you used during registration. Go to your Sporcle Settings to finish the process.

Report this User

Report this user for behavior that violates our Community Guidelines.

Details: